000 00987nam a2200289 4500
003 OSt
005 20260601193525.0
008 260506b |||||||| |||| 00| 0 eng d
020 _a0070162999
040 _aICI
_bSPA
_cICI
041 _aeng
050 _aNK2110
_bT55
100 1 _aDe Chiara Joseph
_935580
245 1 _aTime-saver standards for interior design and space planning
_c [ed. by] Joseph de chiara, julius panero, Martín zelnik
264 _aNew York :
_bMcGraw-Hill,
_c1991
300 _a1160 páginas
336 _atexto
_2rdacontent
337 _asin medio
_2rdamedia
338 _avolumen
_2rdacarrier
500 _aLibro de Referencia
650 _a Decoracion de interiores
_vManuales, etc.
_xNormas
_935581
650 _aArquitectura de interiores
_vManuales, etc.
_xNormas
_935582
700 _aDe Chiara, Joseph, 1929- ,
_ceditor
_935583
710 _aPanero, Julius,
_e editor
_935584
710 _aa Zelnik, Martin,
_d1939
_eeditor
_935585
942 _2lcc
_cB
_n1
999 _c21141
_d21141